000 00661nam a2200217Ia 4500
005 20230306120826.0
008 131103s9999 xx 000 0 und d
020 _a520063317
040 _aLoreto College
041 _aEnglish
082 _a822.33
_bSHA-FIN
100 _aFineman,Joel
245 _aShakespeare's perjured eye
_b the inventionof poetic subjectivity in the sonnets
_cJoel Fineman
260 _aBerkeley
_bUniversity Of California Press
_c1986
300 _aix,365 p.
504 _aIncludes bibliographical references and index
650 _aEnglish Poetry
651 _aShakespeare,William - Criticism
850 _aLCLIB
942 _cBK
999 _c4913
_d55392